Nucleic acids in innate immunity (Record no. 11038)
[ view plain ]
| 000 -LEADER | |
|---|---|
| fixed length control field | 02893nam a2200337Ia 4500 |
| 001 - CONTROL NUMBER | |
| control field | CRC00E68253PDF |
| 003 - CONTROL NUMBER IDENTIFIER | |
| control field | BD-DhSAU |
| 005 - DATE AND TIME OF LATEST TRANSACTION | |
| control field | 20151012144259.0 |
| 006 - FIXED-LENGTH DATA ELEMENTS--ADDITIONAL MATERIAL CHARACTERISTICS | |
| fixed length control field | m|||||o||d|||||||| |
| 007 - PHYSICAL DESCRIPTION FIXED FIELD--GENERAL INFORMATION | |
| fixed length control field | cr|||| |
| 008 - FIXED-LENGTH DATA ELEMENTS--GENERAL INFORMATION | |
| fixed length control field | 071115s2008 flu sb 001 0 eng d |
| 020 ## - INTERNATIONAL STANDARD BOOK NUMBER | |
| International Standard Book Number | 9781420068269 (ebook : PDF) |
| 040 ## - CATALOGING SOURCE | |
| Original cataloging agency | BD-DhSAU |
| Transcribing agency | BD-DhSAU |
| 090 ## - LOCALLY ASSIGNED LC-TYPE CALL NUMBER (OCLC); LOCAL CALL NUMBER (OCLC) | |
| Classification number (OCLC) (R) ; Classification number, CALL (RLIN) (NR) | QR185.2 |
| Local cutter number (OCLC) ; Book number/undivided call number, CALL (RLIN) | .N82 2008 |
| 092 ## - LOCALLY ASSIGNED DEWEY CALL NUMBER (OCLC) | |
| Classification number | 616.079 |
| Item number | N964 |
| 245 00 - TITLE STATEMENT | |
| Title | Nucleic acids in innate immunity |
| Medium | [electronic resource] / |
| Statement of responsibility, etc. | [edited by] Ken J. Ishii and Shizuo Akira. |
| 260 ## - PUBLICATION, DISTRIBUTION, ETC. (IMPRINT) | |
| Place of publication, distribution, etc. | Boca Raton : |
| Name of publisher, distributor, etc. | Taylor & Francis, |
| Date of publication, distribution, etc. | 2008. |
| 300 ## - PHYSICAL DESCRIPTION | |
| Extent | 304 p. |
| 504 ## - BIBLIOGRAPHY, ETC. NOTE | |
| Bibliography, etc | Includes bibliographical references and index. |
| 505 0# - FORMATTED CONTENTS NOTE | |
| Formatted contents note | Structural analysis of toll-like receptors / by Jungwoo Choe and Ian A. Wilson -- Antiviral signaling through TLR and RLH / by Taro Kawai -- Recognition of virus invasion by toll-like receptors and RIG-I-like helicases / by Hiroki Kato and Osamu Takeuchi -- Nucleic acid signal processing by dendritic cells / by Tsuneyasu Kaisho, Takahiro Sugiyama, and Katsuaki Hoshino -- The role of nucleic acid recognition in plasmacytoid dendritic cells for antiviral defense and autoimmunity / by Anne Krug and Wolfgang Reindl -- TLR9 activation by mammalian DNA: are CpG-motifs essential? / by Tobias Haas ... [et al.] -- Discrimination of self vs non-self DNA / by Katryn J. Stacey ... [et al.] -- Therapeutic potential of immunosuppressive oligonucleotides expressing TTAGGG motifs / by Dennis M. Klinman ... [et al.] -- Structure/function in poly-G bearing CpG ODN / by Daniela Verthelyi and Montserrat Puig -- |
| 505 0# - FORMATTED CONTENTS NOTE | |
| Formatted contents note | Clinical development of oligodeoxynucleotide TLR9 agonists / by Julie L. Himes and Arthur M. Krieg -- Prospects for DNA based immunotherapy for allergy and asthma / by David Broide -- Toll-like receptors in the development of systemic autoimmune disease / by Ann Rothstein -- The impact of nucleoside modification on RNA-mediated activation of toll-like receptors / by Katalin Karik�o and Drew Weissman -- Activation of innate pattern recognition pathways by single-stranded ribonucleic acids / by Sandra Diebold -- Recognition of small interfering RNA by the immune system / by Andrea Ablasser, Gunther Hartmann, and Veit Hornung -- Recognition of RNA and synthetic compounds by TLR7 and TLR8 / by Svetlana Hamm and Stefan Bauer -- Helicases at the frontline of RNA virus recognition / by Leonid Gitlin and Marco Colonna. |
| 530 ## - ADDITIONAL PHYSICAL FORM AVAILABLE NOTE | |
| Additional physical form available note | Also available in print edition. |
| Availability source | CRC Press (http://www.crcpress.com) |
| 538 ## - SYSTEM DETAILS NOTE | |
| System details note | Mode of access: World Wide Web. |
| 650 #0 - SUBJECT ADDED ENTRY--TOPICAL TERM | |
| Topical term or geographic name as entry element | Natural immunity. |
| 650 #0 - SUBJECT ADDED ENTRY--TOPICAL TERM | |
| Topical term or geographic name as entry element | Nucleic acids. |
| 655 #7 - INDEX TERM--GENRE/FORM | |
| Genre/form data or focus term | Electronic books. |
| Source of term | lcsh |
| 700 1# - ADDED ENTRY--PERSONAL NAME | |
| Personal name | Ishii, Ken J. |
| 700 1# - ADDED ENTRY--PERSONAL NAME | |
| Personal name | Akira, S. |
| 776 1# - ADDITIONAL PHYSICAL FORM ENTRY | |
| International Standard Book Number | 9781420068252 |
| 856 40 - ELECTRONIC LOCATION AND ACCESS | |
| Uniform Resource Identifier | <a href="http://marc.crcnetbase.com/isbn/9781420068269">http://marc.crcnetbase.com/isbn/9781420068269</a> |
| Electronic format type | application/PDF |
No items available.
